[Event "IX American Continental Classical Championship 201"]
[Site "Hotel Pipa AtlÃ¢ntico - Praia da Pipa - Rio Grande"]
[Date "2014.10.22"]
[Round "7"]
[Board "81"]
[White "Prado Filho, Ricardo De Almeid"]
[Black "Feitosa, Jocelenilson Nunes"]
[Result "1-0"]
[WhiteElo "1893"]
[BlackElo "1731"]
[PlyCount "64"]
[EventDate "2014.10.18"]
[EventRounds "11"]
[EventCountry "BRA"]

1. d4 Nf6 2. c4 e6 3. Nc3 b6 4. e4 d6 5. Bd3 Bb7 6. Nf3 Be7 7. O-O O-O 8. h3 c5
9. d5 Ne8 10. b3 Bf6 11. Bb2 Nc7 12. Qc2 Bd4 13. Nxd4 cxd4 14. Ne2 e5 15. b4
Nba6 16. a3 Bc8 17. f4 Qh4 18. Kh2 Bd7 19. fxe5 dxe5 20. c5 Rfc8 21. d6 Nb5 22.
Qa4 Nxc5 23. bxc5 Rxc5 24. Rac1 Qd8 25. Rxc5 Nxd6 26. Rc6 Nb7 27. Qc4 Bxc6 28.
Qxc6 Nc5 29. Bc4 Rc8 30. Bxf7+ Kh8 31. Qd5 Qg5 32. Nxd4 exd4 1-0

[Event "IX American Continental Classical Championship 201"]
[Site "Hotel Pipa AtlÃ¢ntico - Praia da Pipa - Rio Grande"]
[Date "2014.10.22"]
[Round "7"]
[Board "82"]
[White "Carneiro, Jose Gildivan"]
[Black "Gomes, Carlos Henrique Caldeir"]
[Result "1/2-1/2"]
[WhiteElo "1636"]
[BlackElo "1888"]
[PlyCount "49"]
[EventDate "2014.10.18"]
[EventRounds "11"]
[EventCountry "BRA"]

1. d4 d5 2. Bf4 Nf6 3. Nf3 e6 4. h3 c5 5. e3 Nc6 6. Be2 Qb6 7. Nc3 a6 8. Rb1
cxd4 9. exd4 Bb4 10. a3 Be7 11. O-O O-O 12. Re1 Rd8 13. Bf1 Bd6 14. Bxd6 Rxd6
15. Na4 Qc7 16. Rc1 Qd8 17. Nc5 b6 18. Nd3 Bb7 19. Nde5 Nd7 20. Bd3 f6 21.
Bxh7+ Kxh7 22. Ng5+ fxg5 23. Qh5+ Kg8 24. Qf7+ Kh7 25. Qh5+ 1/2-1/2

[Event "IX American Continental Classical Championship 201"]
[Site "Hotel Pipa AtlÃ¢ntico - Praia da Pipa - Rio Grande"]
[Date "2014.10.22"]
[Round "7"]
[Board "84"]
[White "Schucman, Rebeca Lot"]
[Black "Lunelli, Neuri Antonio"]
[Result "0-1"]
[WhiteElo "1619"]
[BlackElo "1887"]
[PlyCount "40"]
[EventDate "2014.10.18"]
[EventRounds "11"]
[EventCountry "BRA"]

1. d4 Nf6 2. c4 d6 3. Nc3 e5 4. dxe5 dxe5 5. Qxd8+ Kxd8 6. Bg5 c6 7. Nf3 Nbd7
8. Rd1 Kc7 9. e3 Bb4 10. Rc1 Ne4 11. a3 Bxc3+ 12. bxc3 f6 13. Bh4 Ndc5 14. Be2
Be6 15. O-O Rhd8 16. Bg3 Rd7 17. Nxe5 Nxg3 18. Nxd7 Nxe2+ 19. Kh1 Nxd7 20. Rc2
Bxc4 0-1

[Event "IX American Continental Classical Championship 201"]
[Site "Hotel Pipa AtlÃ¢ntico - Praia da Pipa - Rio Grande"]
[Date "2014.10.22"]
[Round "7"]
[Board "86"]
[White "Albuquerque, Rafael Anderson"]
[Black "Dantas, Isaac Pereira"]
[Result "1-0"]
[WhiteElo "1981"]
[BlackElo "1633"]
[PlyCount "60"]
[EventDate "2014.10.18"]
[EventRounds "11"]
[EventCountry "BRA"]

1. e4 c5 2. Nf3 d6 3. d4 cxd4 4. Nxd4 Nf6 5. Nc3 a6 6. Be2 e5 7. Nb3 Be7 8. Bg5
Be6 9. Qd3 Nbd7 10. Bxf6 Nxf6 11. O-O-O Rc8 12. Qg3 O-O 13. h4 b5 14. Bd3 Nh5
15. Qf3 Nf6 16. Qe2 Bc4 17. g4 Bxd3 18. Rxd3 b4 19. Nd5 Nxd5 20. Rxd5 Qc7 21.
Kb1 Qc4 22. Rd3 Ra8 23. g5 a5 24. Nd2 Qc6 25. Nf1 Rfc8 26. f3 a4 27. Ne3 b3 28.
cxb3 axb3 29. Rxb3 Qa6 30. Qxa6 Rxa6 1-0

[Event "IX American Continental Classical Championship 201"]
[Site "Hotel Pipa AtlÃ¢ntico - Praia da Pipa - Rio Grande"]
[Date "2014.10.22"]
[Round "7"]
[Board "87"]
[White "Da Silva Filho, Ibernon Luiz"]
[Black "De Barros E Silva, Byron Veras"]
[Result "1/2-1/2"]
[WhiteElo "1716"]
[BlackElo "1853"]
[PlyCount "91"]
[EventDate "2014.10.18"]
[EventRounds "11"]
[EventCountry "BRA"]

1. c4 f5 2. g3 Nf6 3. Bg2 e6 4. Nf3 Be7 5. d4 c6 6. O-O O-O 7. Nc3 d5 8. c5 Ne4
9. Nxe4 fxe4 10. Ne5 Bf6 11. Ng4 Qe7 12. Nxf6+ Qxf6 13. Bf4 Nd7 14. Bd6 Rf7 15.
f4 Qg6 16. e3 Nf6 17. Bh3 h5 18. Kh1 Ng4 19. Bxg4 hxg4 20. Be5 Rf5 21. Rf2 Qh5
22. Kg1 Qh3 23. Qf1 Qh5 24. Rg2 Bd7 25. Kf2 g5 26. Ke1 gxf4 27. gxf4 Kf7 28.
Kd2 Rg8 29. Qe2 g3 30. Qxh5+ Rxh5 31. hxg3 Rg4 32. Ke2 Rh3 33. Kf2 a6 34. b4
Be8 35. a4 Bd7 36. b5 cxb5 37. axb5 Bxb5 38. Rag1 Kg6 39. Ke1 Kf5 40. Bc7 Bc6
41. Ba5 Bb5 42. Kd1 Bc6 43. Be1 Bb5 44. Rb2 Ba4+ 45. Kc1 Bb5 46. Bf2 1/2-1/2

[Event "IX American Continental Classical Championship 201"]
[Site "Hotel Pipa AtlÃ¢ntico - Praia da Pipa - Rio Grande"]
[Date "2014.10.22"]
[Round "7"]
[Board "88"]
[White "Felix, Dieggo Guerra"]
[Black "Baltar, Petrov Ferreira"]
[Result "0-1"]
[WhiteElo "1656"]
[BlackElo "1844"]
[PlyCount "114"]
[EventDate "2014.10.18"]
[EventRounds "11"]
[EventCountry "BRA"]

1. f4 e5 2. fxe5 d6 3. Nf3 Bg4 4. e4 dxe5 5. Be2 Bc5 6. c3 Bxf3 7. Bxf3 Nc6 8.
d3 Nf6 9. Qe2 a5 10. Be3 Qd6 11. O-O O-O 12. Bxc5 Qxc5+ 13. Qf2 Qxf2+ 14. Rxf2
Rad8 15. Rd2 Rd7 16. Na3 Rfd8 17. Rad1 h5 18. h3 g6 19. Nb5 Nh7 20. d4 Ng5 21.
d5 Nxf3+ 22. gxf3 Nb8 23. c4 Na6 24. Kf2 Nc5 25. Rg1 Ne6 26. Ke3 Nf4 27. h4 Kg7
28. a3 c6 29. Nc3 cxd5 30. cxd5 Kf6 31. Rh2 Rc8 32. Na4 Rd6 33. Nc3 Rb6 34. Rd2
Ke7 35. Rc2 Rb3 36. Rgc1 Kd7 37. Kd2 Rc4 38. Rf1 Rd4+ 39. Kc1 Rc4 40. Kb1 Nd3
41. Nd1 Rxc2 42. Kxc2 a4 43. Rg1 Nc5 44. Nc3 Rb6 45. Rg5 Rf6 46. Rg3 Rf4 47.
Rh3 Rf6 48. Rg3 Nb3 49. Ne2 Kd6 50. Kc3 Kc5 51. Rh3 b5 52. Rg3 Rb6 53. f4 b4+
54. axb4+ Rxb4 55. d6 Nd4 56. fxe5 Nxe2+ 57. Kd3 Nxg3 0-1

[Event "IX American Continental Classical Championship 201"]
[Site "Hotel Pipa AtlÃ¢ntico - Praia da Pipa - Rio Grande"]
[Date "2014.10.22"]
[Round "7"]
[Board "91"]
[White "Chaves, Jorge Antonio Torres"]
[Black "Scardini, Leonardo"]
[Result "1-0"]
[WhiteElo "2006"]
[BlackElo "1522"]
[PlyCount "109"]
[EventDate "2014.10.18"]
[EventRounds "11"]
[EventCountry "BRA"]

1. d4 Nf6 2. c4 e6 3. Nf3 d5 4. g3 Nbd7 5. Qc2 Be7 6. Bg2 O-O 7. O-O c6 8. b3
b6 9. Bb2 Bb7 10. Nbd2 Rc8 11. Rac1 Re8 12. e3 Bd6 13. Ne5 Bb8 14. f4 Nxe5 15.
fxe5 Nd7 16. e4 Nf8 17. exd5 cxd5 18. Qd1 Ng6 19. b4 Ne7 20. Qh5 Rf8 21. b5 a6
22. a4 Qd7 23. Rf4 Ng6 24. Rf2 Bc7 25. Ba3 Ne7 26. Rcf1 Qe8 27. cxd5 Bxd5 28.
Bxd5 exd5 29. Qe2 axb5 30. axb5 Ra8 31. Qd3 Qd7 32. Rb1 Ra5 33. Rb3 Rfa8 34.
Nf1 g6 35. Ne3 Bd8 36. Kg2 Nc8 37. h3 Be7 38. Bxe7 Nxe7 39. Ng4 Qe6 40. Rf6
Ra2+ 41. Kf3 Qc8 42. Nh6+ Kg7 43. Rxf7+ Kxh6 44. Qe3+ g5 45. h4 Qg8 46. Kg4 Kg6
47. Rf6+ Kg7 48. h5 Kh8 49. h6 Re8 50. Rc3 Raa8 51. Rc7 Rac8 52. Rd7 Rcd8 53.
e6 Rc8 54. Qe5 Ng6 55. Rxg6+ 1-0

[Event "IX American Continental Classical Championship 201"]
[Site "Hotel Pipa AtlÃ¢ntico - Praia da Pipa - Rio Grande"]
[Date "2014.10.22"]
[Round "7"]
[Board "92"]
[White "Presa, Luis Alberto Passos"]
[Black "Vieira, Erico Vinicius Duarte"]
[Result "0-1"]
[WhiteElo "1701"]
[BlackElo "1520"]
[PlyCount "122"]
[EventDate "2014.10.18"]
[EventRounds "11"]
[EventCountry "BRA"]

1. d4 f5 2. c4 Nf6 3. Nc3 e6 4. Nf3 Bb4 5. Bg5 h6 6. Bd2 d6 7. a3 Bxc3 8. Bxc3
Ne4 9. Qc2 Nd7 10. g3 b6 11. Bg2 Bb7 12. e3 Ndf6 13. Nd2 Qe7 14. f3 Ng5 15.
O-O-O O-O-O 16. h4 Nf7 17. e4 g6 18. Rde1 Rhe8 19. Bh3 Qd7 20. Rhg1 Kb8 21. Bg2
Nh5 22. Bh1 g5 23. hxg5 hxg5 24. Nb3 fxe4 25. fxe4 g4 26. Qd3 Rf8 27. Bd2 Qe7
28. Qe3 e5 29. d5 Ba6 30. Qe2 Qd7 31. Be3 Rg8 32. Nd2 Rdf8 33. b3 Nd8 34. Ref1
Qg7 35. Rf5 Rxf5 36. exf5 Nf6 37. Be4 Nf7 38. Rh1 Rh8 39. Qg2 Rxh1+ 40. Qxh1
Bc8 41. Kc2 Ng5 42. Bxg5 Qxg5 43. Kd3 Bxf5 44. b4 Nxe4 45. Nxe4 Qg6 46. a4 Kb7
47. Ke3 a6 48. Kd3 b5 49. axb5 axb5 50. cxb5 Kb6 51. Ke3 Kxb5 52. Qf1+ Kxb4 53.
Qb1+ Ka5 54. Qa2+ Kb6 55. Qb3+ Ka7 56. Qa4+ Kb8 57. Qb5+ Kc8 58. Qa6+ Kd8 59.
Nc3 Qh6+ 60. Kf2 Qh2+ 61. Kf1 Qxg3 0-1

[Event "IX American Continental Classical Championship 201"]
[Site "Hotel Pipa AtlÃ¢ntico - Praia da Pipa - Rio Grande"]
[Date "2014.10.22"]
[Round "7"]
[Board "96"]
[White "Born, Ary"]
[Black "Pereira Fo, Hildebrando Apolon"]
[Result "0-1"]
[WhiteElo "1453"]
[BlackElo "1803"]
[PlyCount "68"]
[EventDate "2014.10.18"]
[EventRounds "11"]
[EventCountry "BRA"]

1. e4 c5 2. c3 Nf6 3. e5 Nd5 4. Bc4 Nc7 5. Nf3 e6 6. d4 cxd4 7. cxd4 Be7 8. h4
Nc6 9. O-O b5 10. Bb3 Bb7 11. Nc3 Bxh4 12. Ne4 Be7 13. Nd6+ Bxd6 14. exd6 Na6
15. a3 Na5 16. Bc2 Qf6 17. Bg5 Bxf3 18. Qxf3 Qxf3 19. gxf3 Nb8 20. Be4 Nac6 21.
Rfe1 f5 22. Bd5 O-O 23. Be7 Rf7 24. Rac1 exd5 25. f4 Na6 26. Rxc6 dxc6 27. d7
Rxe7 28. Rxe7 Kf8 29. d8=Q+ Rxd8 30. Rxa7 Nb8 31. b4 Rd7 32. Ra8 Rb7 33. a4
bxa4 34. Rxa4 Kf7 0-1

[Event "IX American Continental Classical Championship 201"]
[Site "Hotel Pipa AtlÃ¢ntico - Praia da Pipa - Rio Grande"]
[Date "2014.10.23"]
[Round "8"]
[Board "1"]
[White "Alonso, Salvador"]
[Black "Shabalov, Alexander"]
[Result "0-1"]
[WhiteElo "2505"]
[BlackElo "2499"]
[PlyCount "136"]
[EventDate "2014.10.18"]
[EventRounds "11"]
[EventCountry "BRA"]

1. e4 c5 2. Nf3 d6 3. d4 cxd4 4. Nxd4 Nf6 5. Nc3 a6 6. h3 e5 7. Nde2 h5 8. g3
Nbd7 9. Bg2 b5 10. Bg5 Be7 11. Bxf6 Nxf6 12. Nd5 Nxd5 13. Qxd5 Be6 14. Qd2 h4
15. Nc3 Bg5 16. Qd1 hxg3 17. fxg3 Qb6 18. Qd3 Bc4 19. Nd5 Qc5 20. Qc3 Qa7 21.
h4 Bh6 22. Rd1 O-O 23. Qf3 f5 24. exf5 e4 25. Qg4 Qc5 26. b4 Qa7 27. Bf1 Bxd5
28. Rxd5 Qe3+ 29. Be2 Rac8 30. Kf1 Rxc2 31. Rh2 Rxa2 32. Rf2 Rf6 33. Kg2 Kh7
34. Rd1 Rb2 35. Rdf1 d5 36. Bd1 Rxb4 37. Qh3 Qd4 38. Bh5 e3 39. Re2 Rb2 40. Kh1
Rxe2 41. Bxe2 Rc6 42. Rd1 Qe4+ 43. Kg1 Rc2 44. Qf1 Qe5 45. Kg2 Qb2 46. Kf3 Rd2
47. g4 Qc2 48. g5 Qxf5+ 49. Kxe3 Bxg5+ 50. hxg5 Qxg5+ 51. Kf3 Qf6+ 52. Ke3 Qd4+
53. Kf3 Qe4+ 54. Kf2 Qf4+ 55. Ke1 Rxd1+ 56. Kxd1 Qxf1+ 57. Bxf1 Kg6 58. Be2 d4
59. Bd3+ Kf6 60. Ke2 Ke5 61. Bg6 Kd5 62. Kd3 a5 63. Be8 Kc5 64. Bg6 a4 65. Be8
g5 66. Bd7 a3 67. Kc2 d3+ 68. Kb3 b4 0-1

[Event "IX American Continental Classical Championship 201"]
[Site "Hotel Pipa AtlÃ¢ntico - Praia da Pipa - Rio Grande"]
[Date "2014.10.23"]
[Round "8"]
[Board "2"]
[White "Kaidanov, Gregory S"]
[Black "Bruzon Batista, Lazaro"]
[Result "0-1"]
[WhiteElo "2569"]
[BlackElo "2679"]
[PlyCount "72"]
[EventDate "2014.10.18"]
[EventRounds "11"]
[EventCountry "BRA"]

1. Nf3 Nf6 2. c4 e6 3. g3 d5 4. Bg2 dxc4 5. Qa4+ c6 6. Qxc4 b5 7. Qc2 Bb7 8.
O-O Nbd7 9. Nc3 a6 10. a4 Rc8 11. d3 Be7 12. e4 O-O 13. h3 a5 14. Be3 Ba6 15.
Rfd1 b4 16. Nb1 c5 17. Nbd2 Nb8 18. Nc4 Nfd7 19. Rac1 Nc6 20. Qb3 Qc7 21. Bf4
e5 22. Bd2 Nd4 23. Nxd4 cxd4 24. Bf1 Qd8 25. f4 exf4 26. Bxf4 Nc5 27. Qc2 g5
28. Bd2 f5 29. Be1 fxe4 30. dxe4 Rxf1+ 31. Kxf1 d3 32. Qf2 Nb3 33. Qf5 Nd4 34.
Qd5+ Qxd5 35. exd5 Bxc4 36. Bf2 d2+ 0-1

[Event "IX American Continental Classical Championship 201"]
[Site "Hotel Pipa AtlÃ¢ntico - Praia da Pipa - Rio Grande"]
[Date "2014.10.23"]
[Round "8"]
[Board "6"]
[White "Perez Gormaz, Matias"]
[Black "Ortiz Suarez, Isan Reynaldo"]
[Result "0-1"]
[WhiteElo "2327"]
[BlackElo "2611"]
[PlyCount "46"]
[EventDate "2014.10.18"]
[EventRounds "11"]
[EventCountry "BRA"]

1. e4 c5 2. Nf3 d6 3. d4 cxd4 4. Nxd4 Nf6 5. Nc3 a6 6. h3 e6 7. g4 h6 8. Bg2
Nc6 9. Be3 Ne5 10. b3 g5 11. Qd2 Qc7 12. Nde2 b5 13. Ng3 Bb7 14. Bd4 Rc8 15.
O-O h5 16. f4 hxg4 17. fxe5 dxe5 18. Rxf6 exd4 19. Nce2 gxh3 20. Raf1 hxg2 21.
R1f3 Bxe4 22. Qxg5 Bxf3 23. Rxf3 d3 0-1

[Event "IX American Continental Classical Championship 201"]
[Site "Hotel Pipa AtlÃ¢ntico - Praia da Pipa - Rio Grande"]
[Date "2014.10.23"]
[Round "8"]
[Board "8"]
[White "Matsuura, Everaldo"]
[Black "Terry, Renato"]
[Result "1/2-1/2"]
[WhiteElo "2486"]
[BlackElo "2454"]
[PlyCount "32"]
[EventDate "2014.10.18"]
[EventRounds "11"]
[EventCountry "BRA"]

1. e4 e6 2. d4 d5 3. Nc3 Nf6 4. e5 Nfd7 5. f4 c5 6. Nf3 Nc6 7. Be3 Be7 8. Qd2
O-O 9. dxc5 Bxc5 10. O-O-O Qa5 11. a3 Rd8 12. Bxc5 Nxc5 13. Nb5 Qxd2+ 14. Rxd2
Ne4 15. Re2 Bd7 16. Nbd4 f6 1/2-1/2

[Event "IX American Continental Classical Championship 201"]
[Site "Hotel Pipa AtlÃ¢ntico - Praia da Pipa - Rio Grande"]
[Date "2014.10.23"]
[Round "8"]
[Board "9"]
[White "Leitao, Rafael"]
[Black "Ruiz C, Joshua D"]
[Result "1-0"]
[WhiteElo "2636"]
[BlackElo "2396"]
[PlyCount "51"]
[EventDate "2014.10.18"]
[EventRounds "11"]
[EventCountry "BRA"]

1. d4 Nf6 2. c4 e6 3. Nf3 b6 4. g3 Ba6 5. Nbd2 c5 6. e4 d6 7. Bg2 cxd4 8. e5
dxe5 9. Nxe5 Nbd7 10. Qa4 Qc8 11. Bxa8 Qxa8 12. O-O Bc8 13. Ndf3 Bd6 14. Qc6
Qb8 15. Bf4 Bb7 16. Nxd7 Nxd7 17. Qxd6 Qxd6 18. Bxd6 Bxf3 19. Rfe1 Kd8 20. a4
g5 21. a5 Kc8 22. axb6 axb6 23. Ra7 g4 24. Rea1 d3 25. Rc7+ Kd8 26. Raa7 1-0

[Event "IX American Continental Classical Championship 201"]
[Site "Hotel Pipa AtlÃ¢ntico - Praia da Pipa - Rio Grande"]
[Date "2014.10.23"]
[Round "8"]
[Board "10"]
[White "Valdes Escobar, Alvaro"]
[Black "Felgaer, Ruben"]
[Result "0-1"]
[WhiteElo "2378"]
[BlackElo "2577"]
[PlyCount "90"]
[EventDate "2014.10.18"]
[EventRounds "11"]
[EventCountry "BRA"]

1. Nf3 Nf6 2. c4 g6 3. g3 Bg7 4. Bg2 O-O 5. O-O d6 6. d4 Nc6 7. Nc3 Bf5 8. b3
e5 9. dxe5 dxe5 10. Ba3 Re8 11. Nh4 Bd7 12. Ne4 Qc8 13. Qd2 Bh3 14. Rfd1 Bxg2
15. Nxf6+ Bxf6 16. Nxg2 Rd8 17. Qb2 Qe6 18. Rxd8+ Rxd8 19. Re1 Bg5 20. Qb1 Qd7
21. Bc1 Bxc1 22. Qxc1 Qd2 23. Qb1 f5 24. Ne3 Nd4 25. Kf1 c6 26. c5 Qb4 27. Qc1
Ne6 28. Rd1 Rd4 29. Rxd4 exd4 30. Qc4 Qxc4 31. Nxc4 Nxc5 32. Ne5 Kf8 33. b4 Ne6
34. e3 c5 35. b5 b6 36. Nc6 Nc7 37. Nxa7 Ke8 38. a4 Ke7 39. Ke1 Nd5 40. Kd2 Nb4
41. a5 bxa5 42. b6 a4 43. h3 a3 44. b7 Na6 45. Kc2 d3+ 0-1

[Event "IX American Continental Classical Championship 201"]
[Site "Hotel Pipa AtlÃ¢ntico - Praia da Pipa - Rio Grande"]
[Date "2014.10.23"]
[Round "8"]
[Board "11"]
[White "Castro, Oscar H."]
[Black "Gonzalez Acosta, Bernal"]
[Result "1-0"]
[WhiteElo "2359"]
[BlackElo "2478"]
[PlyCount "77"]
[EventDate "2014.10.18"]
[EventRounds "11"]
[EventCountry "BRA"]

1. d4 d5 2. c4 c6 3. Nf3 Nf6 4. Nc3 dxc4 5. a4 Bf5 6. e3 e6 7. Bxc4 Bb4 8. O-O
Nbd7 9. Qe2 Bg6 10. Rd1 O-O 11. Bd2 Qe7 12. a5 Rfd8 13. a6 b5 14. Bd3 Bxd3 15.
Qxd3 e5 16. Qf5 exd4 17. Nxd4 Rac8 18. Be1 Qe5 19. Qf3 Bd6 20. g3 Qc5 21. Nb3
Ne5 22. Qf5 Qb4 23. Na5 Bc7 24. Nd5 Qg4 25. Nxf6+ gxf6 26. Qxg4+ Nxg4 27. Nxc6
Rxd1 28. Rxd1 Ra8 29. Rd7 Bb6 30. Bc3 Kg7 31. h3 Nh6 32. g4 Ng8 33. Bd4 Rc8 34.
Nxa7 Rc1+ 35. Kg2 Bxd4 36. Rxd4 Ra1 37. Rd6 b4 38. Nb5 Ne7 39. a7 1-0

[Event "IX American Continental Classical Championship 201"]
[Site "Hotel Pipa AtlÃ¢ntico - Praia da Pipa - Rio Grande"]
[Date "2014.10.23"]
[Round "8"]
[Board "13"]
[White "Abarca Gonzalez, Nicolas"]
[Black "Barbosa, Evandro Amorim"]
[Result "1/2-1/2"]
[WhiteElo "2328"]
[BlackElo "2449"]
[PlyCount "63"]
[EventDate "2014.10.18"]
[EventRounds "11"]
[EventCountry "BRA"]

1. e4 c5 2. Nf3 e6 3. b3 b6 4. Bb2 Bb7 5. Nc3 Nc6 6. g3 Nf6 7. Bg2 Be7 8. O-O
O-O 9. e5 Ne8 10. Ne4 d5 11. exd6 Nxd6 12. Nxd6 Qxd6 13. Re1 Qc7 14. Ne5 Bf6
15. f4 Nxe5 16. Bxe5 Bxe5 17. Rxe5 Bxg2 18. Kxg2 Rad8 19. d3 b5 20. a4 a6 21.
Re4 Rd4 22. axb5 axb5 23. Qf3 g6 24. Ra6 Rc8 25. Kf2 Qd7 26. Rxd4 Qxd4+ 27. Qe3
Qc3 28. Ra2 Rd8 29. Qe2 Rd5 30. Qf3 Qd4+ 31. Qe3 Qc3 32. Qe1 {resto ilegÃ­vel}
 1/2-1/2

[Event "IX American Continental Classical Championship 201"]
[Site "Hotel Pipa AtlÃ¢ntico - Praia da Pipa - Rio Grande"]
[Date "2014.10.23"]
[Round "8"]
[Board "14"]
[White "Acosta, Pablo Ismael"]
[Black "Krysa, Leandro"]
[Result "0-1"]
[WhiteElo "2300"]
[BlackElo "2446"]
[PlyCount "88"]
[EventDate "2014.10.18"]
[EventRounds "11"]
[EventCountry "BRA"]

1. c4 Nf6 2. g3 c5 3. Bg2 d5 4. cxd5 Nxd5 5. Nc3 Nc7 6. d3 e5 7. Nf3 Nc6 8. O-O
Be7 9. Nd2 O-O 10. Nc4 f6 11. f4 exf4 12. Bxf4 Kh8 13. a4 Be6 14. Ne3 Rc8 15.
Nb5 Nd5 16. Bxd5 Bxd5 17. Nf5 Nd4 18. Nxe7 Qxe7 19. e4 Bb3 20. Bd6 Qd7 21. Qh5
Nxb5 22. Bxf8 Nd4 23. e5 Rxf8 24. exf6 gxf6 25. Qxc5 Rc8 26. Qh5 Bf7 27. Qh6
Ne2+ 28. Kf2 Bg6 29. Rae1 Qf5+ 30. Kg2 Qd5+ 31. Kh3 Qe6+ 32. g4 Rd8 33. Rf3 f5
34. Qg5 fxg4+ 35. Qxg4 Qxg4+ 36. Kxg4 Rd4+ 37. Kg5 Kg7 38. Rh3 h6+ 39. Rxh6
Rd5+ 40. Kh4 Kxh6 41. Rxe2 Rd4+ 42. Kg3 Rxd3+ 43. Kf2 Rb3 44. a5 a6 0-1

[Event "IX American Continental Classical Championship 201"]
[Site "Hotel Pipa AtlÃ¢ntico - Praia da Pipa - Rio Grande"]
[Date "2014.10.23"]
[Round "8"]
[Board "15"]
[White "Martinez Alcantara, Jose Eduar"]
[Black "Andrade, Roberto Luiz Costa"]
[Result "1-0"]
[WhiteElo "2440"]
[BlackElo "2200"]
[PlyCount "99"]
[EventDate "2014.10.18"]
[EventRounds "11"]
[EventCountry "BRA"]

1. c4 c6 2. g3 d5 3. Nf3 Nf6 4. Bg2 g6 5. b3 Bg7 6. Bb2 O-O 7. O-O Nbd7 8. Qc2
Re8 9. Nc3 a6 10. d4 Nb6 11. cxd5 cxd5 12. Nh4 Bd7 13. Rad1 Rc8 14. Qd2 Bc6 15.
Nf3 Nbd7 16. Ne5 Qc7 17. Rfe1 Nxe5 18. dxe5 Qxe5 19. Nxd5 Qb8 20. e4 Kh8 21.
Qb4 e5 22. Qa5 Rcd8 23. Rc1 Rc8 24. Nb6 Rcd8 25. Nc4 Nd7 26. Red1 Nf8 27. Rxd8
Qxd8 28. Qxd8 Rxd8 29. Bxe5 Re8 30. Bxg7+ Kxg7 31. Na5 Bxe4 32. Re1 Bc6 33.
Rxe8 Bxe8 34. Bxb7 Bb5 35. f4 Ne6 36. Kf2 Kf6 37. a4 Bd3 38. Ke3 Bf1 39. Bd5
Nc7 40. Be4 Ke6 41. Kd4 f5 42. Bf3 h5 43. Nc4 g5 44. Ne3 Bh3 45. Kc5 gxf4 46.
gxf4 Kd7 47. Bd5 Bg4 48. Bc6+ Kc8 49. Kd6 a5 50. Bd7+ 1-0

[Event "IX American Continental Classical Championship 201"]
[Site "Hotel Pipa AtlÃ¢ntico - Praia da Pipa - Rio Grande"]
[Date "2014.10.23"]
[Round "8"]
[Board "16"]
[White "Molina, Roberto Junio Brito"]
[Black "Umetsubo, Cesar Hidemitsu"]
[Result "1-0"]
[WhiteElo "2425"]
[BlackElo "2355"]
[PlyCount "77"]
[EventDate "2014.10.18"]
[EventRounds "11"]
[EventCountry "BRA"]

1. d4 d5 2. c4 e6 3. Nc3 Nf6 4. Nf3 Be7 5. Bf4 O-O 6. e3 Nbd7 7. Qc2 c5 8. Rd1
cxd4 9. Rxd4 Bc5 10. Rd1 Qa5 11. a3 Be7 12. Nd2 Re8 13. Be2 a6 14. Bg3 b5 15.
cxb5 axb5 16. Nxb5 Bb7 17. Bc7 Qa6 18. Nd6 Qa7 19. Nxe8 Nxe8 20. Bg3 Rc8 21.
Qb1 d4 22. O-O dxe3 23. Nc4 Nc5 24. Nxe3 h5 25. Bxh5 Ba6 26. Rfe1 Nf6 27. Bf3
Nb3 28. Be5 Nd7 29. Bc3 Ndc5 30. Qc2 Qb8 31. Nf5 Bf8 32. Nd4 Bd6 33. g3 Bc4 34.
Bb4 Nxd4 35. Rxd4 Bb3 36. Qd2 Be7 37. Rc1 Qe5 38. Bxc5 Bg5 39. Qc3 1-0

[Event "IX American Continental Classical Championship 201"]
[Site "Hotel Pipa AtlÃ¢ntico - Praia da Pipa - Rio Grande"]
[Date "2014.10.23"]
[Round "8"]
[Board "17"]
[White "Mafra, Kaiser Luiz"]
[Black "Cori T., Deysi"]
[Result "0-1"]
[WhiteElo "2148"]
[BlackElo "2411"]
[PlyCount "78"]
[EventDate "2014.10.18"]
[EventRounds "11"]
[EventCountry "BRA"]

1. Nf3 Nf6 2. g3 d5 3. Bg2 c6 4. O-O Bg4 5. d4 Nbd7 6. b3 e6 7. Bb2 Be7 8. Nbd2
h6 9. Ne5 Nxe5 10. dxe5 Nd7 11. Nf3 O-O 12. h3 Bh5 13. c4 Qb8 14. cxd5 cxd5 15.
e4 Nb6 16. exd5 Nxd5 17. Qe2 Qc7 18. Rfc1 Qa5 19. Qe1 Bb4 20. Qe4 Bg6 21. Qg4
Bf5 22. Qh5 Rac8 23. Rxc8 Rxc8 24. Nd4 Bg6 25. Qg4 h5 26. Qe2 h4 27. Kh2 hxg3+
28. fxg3 Bc3 29. Rc1 Rd8 30. Bxc3 Nxc3 31. Qd2 Qxe5 32. Qxc3 Qxd4 33. Qxd4 Rxd4
34. Bxb7 Rd2+ 35. Kg1 Rxa2 36. Re1 Rb2 37. Re3 Bc2 38. Rc3 Bxb3 39. Be4 g6 0-1

[Event "IX American Continental Classical Championship 201"]
[Site "Hotel Pipa AtlÃ¢ntico - Praia da Pipa - Rio Grande"]
[Date "2014.10.23"]
[Round "8"]
[Board "18"]
[White "Barata, Adriano Albiani"]
[Black "Cruz, Cristhian"]
[Result "0-1"]
[WhiteElo "2171"]
[BlackElo "2557"]
[PlyCount "35"]
[EventDate "2014.10.18"]
[EventRounds "11"]
[EventCountry "BRA"]

1. e4 c5 2. Nf3 d6 3. d4 cxd4 4. Nxd4 Nf6 5. Nc3 a6 6. Be2 e5 7. Nb3 Be6 8. O-O
Be7 9. f4 exf4 10. Bxf4 Nc6 11. Kh1 O-O 12. Nd4 Qc7 13. Nxe6 fxe6 14. Bc4 Nd8
15. Bb3 Kh8 16. a4 Nd7 17. Qg4 Nc5 18. Ba2 {resto ilegÃ­vel} 0-1

[Event "IX American Continental Classical Championship 201"]
[Site "Hotel Pipa AtlÃ¢ntico - Praia da Pipa - Rio Grande"]
[Date "2014.10.23"]
[Round "8"]
[Board "19"]
[White "Markzon, Gregory"]
[Black "El Debs, Felipe De Cresce"]
[Result "0-1"]
[WhiteElo "2160"]
[BlackElo "2514"]
[PlyCount "80"]
[EventDate "2014.10.18"]
[EventRounds "11"]
[EventCountry "BRA"]

1. d4 d5 2. c4 c6 3. Nc3 Nf6 4. e3 Bf5 5. cxd5 cxd5 6. Qb3 Nc6 7. Nf3 Rb8 8.
Ne5 e6 9. Bb5 Nd7 10. O-O Ncxe5 11. dxe5 a6 12. Bxd7+ Qxd7 13. e4 dxe4 14. Be3
b5 15. Rfd1 Qb7 16. Rd2 Be7 17. Rad1 Qc6 18. Rd7 Rb7 19. Rxe7+ Rxe7 20. Rd6 Qc8
21. Qa3 O-O 22. h3 Rd7 23. Qxa6 Qxa6 24. Rxa6 b4 25. Ne2 Rb8 26. Nd4 h5 27. Ra4
Rbb7 28. b3 Rd5 29. Nc6 Rdb5 30. Bd2 e3 31. Bxe3 Be4 32. Na5 Rd7 33. Nc4 Bd5
34. Ra8+ Kh7 35. Rc8 Bxc4 36. Rxc4 Rd1+ 37. Kh2 Ra1 38. g4 hxg4 39. hxg4 Rxa2
40. g5 Rxe5 0-1